[Event "6th Sharjah Masters 2023"]
[Site "Sharjah UAE"]
[Date "2023.05.23"]
[Round "7.26"]
[White "Chigaev, Maksim"]
[Black "Piorun, Kacper"]
[Result "1/2-1/2"]
[WhiteTitle "GM"]
[BlackTitle "GM"]
[WhiteElo "2628"]
[BlackElo "2601"]
[WhiteFideId "4108116"]
[BlackFideId "1130420"]
[EventDate "2023.05.17"]
[EventType "swiss"]

1. d4 Nf6 2. c4 e6 3. g3 d5 4. Bg2 Bb4+ 5. Bd2 Bd6 6. Nc3 c6 7. e4 dxe4 8. Nxe4
Nxe4 9. Bxe4 Nd7 10. Nf3 Nf6 11. Bc2 b6 12. Qe2 Bb7 13. O-O-O Qe7 14. Rhe1 O-O-O
15. a3 Kb8 16. Bc3 Ka8 17. b4 b5 18. c5 Bc7 19. Ne5 Nd5 20. Bd2 f6 21. Nd3 Rde8
22. f4 h6 23. Bb3 Qd8 24. Qf3 g5 25. Re2 Bc8 26. Rde1 Kb7 27. Nf2 Rhg8 28. Ne4
gxf4 29. gxf4 f5 30. Nc3 Nxc3 31. Bxc3 Qh4 32. d5 Qxf4+ 33. Qxf4 Bxf4+ 34. Bd2
Bxd2+ 35. Kxd2 cxd5 36. Bxd5+ Kc7 37. Bxe6 Bxe6 38. Rxe6 Rg2+ 39. R1e2 Rxe6 40.
Rxg2 a5 41. Rg7+ Kb8 42. bxa5 Ra6 43. Kc3 Rxa5 44. Kb4 Ra4+ 45. Kxb5 Rxa3 46.
Rf7 Rh3 47. Kb6 Rb3+ 48. Kc6 Rh3 49. Rb7+ Kc8 50. Rb2 f4 51. Rf2 Kb8 52. Rxf4
Rxh2 53. Rf8+ Ka7 54. Kc7 Rg2 55. Rf7 Rg8 56. c6 h5 57. Kd6+ Kb8 58. Rh7 Rd8+
59. Kc5 Rd1 60. Rxh5 1/2-1/2

[Event "6th Sharjah Masters 2023"]
[Site "Sharjah UAE"]
[Date "2023.05.23"]
[Round "7.27"]
[White "Ivic, Velimir"]
[Black "Sethuraman, S.P."]
[Result "1-0"]
[WhiteTitle "GM"]
[BlackTitle "GM"]
[WhiteElo "2595"]
[BlackElo "2626"]
[WhiteFideId "950122"]
[BlackFideId "5021596"]
[EventDate "2023.05.17"]
[EventType "swiss"]

1. e4 e5 2. Nf3 Nc6 3. Bb5 a6 4. Ba4 Nf6 5. O-O b5 6. Bb3 Bc5 7. c3 d6 8. d4 Bb6
9. Re1 h6 10. a4 Bg4 11. axb5 axb5 12. Rxa8 Qxa8 13. h3 Bh5 14. d5 Ne7 15. Qd3
O-O 16. Nbd2 Qa7 17. Rf1 Bg6 18. Nh4 Kh8 19. g4 Bh7 20. Kg2 Qb7 21. Nf5 Bxf5 22.
gxf5 c6 23. dxc6 Qxc6 24. Qf3 g6 25. fxg6 fxg6 26. Kh2 Kg7 27. Qe2 Nh5 28. Nf3
Nf4 29. Bxf4 Rxf4 30. Bc2 g5 31. Ne1 Rf8 32. Ng2 Ng6 33. Bb3 Bc5 34. Be6 Rf6 35.
Bf5 Ne7 36. Bg4 Qb6 37. f3 b4 38. h4 bxc3 39. bxc3 Qb3 40. Qd2 Kg6 41. hxg5 hxg5
42. Kg3 Rf7 43. Rh1 Rg7 44. Ne3 Kf7 45. Rh6 Rg6 46. Bh5 Kg7 47. Ng4 Rxh6 48.
Qxg5+ Rg6 49. Qxe7+ Qf7 50. Qxf7+ Kxf7 51. Kh4 Kg7 52. Bxg6 Kxg6 53. Nh2 Bf2+
54. Kg4 Be1 55. c4 Bb4 56. Nf1 Bc5 57. Ng3 Ba3 58. Nf5 Bc5 59. Nh4+ Kf6 60. Kh5
Bb4 61. Nf5 Bc5 62. Nh6 Bb4 63. Ng4+ Ke6 64. Kg6 Bd2 65. Nf2 Be3 66. Nd3 Bd4 67.
Kg7 Ke7 68. Nb4 Bb2 69. Nd5+ Kd7 70. Kf7 Kc6 71. Nb4+ Kd7 72. Nd3 Bc3 73. Kf6
Bd4 74. Kf5 Ke7 75. c5 dxc5 76. Nxe5 Kd6 77. Nc4+ Kc6 78. Ke6 Kc7 79. f4 Kd8 80.
Kf7 Kd7 81. e5 1-0

[Event "6th Sharjah Masters 2023"]
[Site "Sharjah UAE"]
[Date "2023.05.23"]
[Round "7.28"]
[White "Ter-Sahakyan, Samvel"]
[Black "Theodorou, Nikolas"]
[Result "1/2-1/2"]
[WhiteTitle "GM"]
[BlackTitle "GM"]
[WhiteElo "2617"]
[BlackElo "2591"]
[WhiteFideId "13302531"]
[BlackFideId "4262875"]
[EventDate "2023.05.17"]
[EventType "swiss"]

1. e4 c5 2. Nf3 Nc6 3. Bb5 e6 4. O-O Nge7 5. d4 cxd4 6. Nxd4 Qb6 7. Nxc6 bxc6 8.
Be2 Ng6 9. c4 Be7 10. Nc3 O-O 11. Rb1 Qc7 12. Be3 c5 13. f4 Bb7 14. g3 Rad8 15.
Bf3 d6 16. h4 Bf6 17. Qe1 Bc6 18. Nd1 Ne7 19. Nf2 g6 20. h5 Bg7 21. Bd2 Rde8 22.
Bc3 f6 23. hxg6 hxg6 24. Ng4 Ba8 25. Qd2 Nc6 26. f5 d5 27. Qh2 gxf5 28. exf5 Nd4
29. Bxd4 cxd4 30. fxe6 f5 31. Nh6+ Bxh6 32. Qxh6 Re7 33. Kf2 Rh7 1/2-1/2

[Event "6th Sharjah Masters 2023"]
[Site "Sharjah UAE"]
[Date "2023.05.23"]
[Round "7.29"]
[White "Tin, Jingyao"]
[Black "Puranik, Abhimanyu"]
[Result "1/2-1/2"]
[WhiteTitle "GM"]
[BlackTitle "GM"]
[WhiteElo "2576"]
[BlackElo "2613"]
[WhiteFideId "5804418"]
[BlackFideId "5061245"]
[EventDate "2023.05.17"]
[EventType "swiss"]

1. d4 Nf6 2. c4 g6 3. Nc3 d5 4. Nf3 Bg7 5. Qb3 dxc4 6. Qxc4 O-O 7. e4 Nc6 8. Bf4
Bg4 9. d5 Bxf3 10. dxc6 b5 11. Nxb5 Bxe4 12. Rd1 Bd5 13. Qc5 e6 14. Be2 Ne4 15.
Qe3 Qe7 16. O-O Bxc6 17. Rc1 Bxb5 18. Bxb5 Nd6 19. Bc6 Nf5 20. Qa3 Qxa3 21. bxa3
Rab8 22. Bxc7 Rb2 23. Rc4 Rxa2 24. h3 Nd4 25. Ba4 Ra8 26. Bd6 h5 27. Rc7 Bf8 28.
Bxf8 Rxf8 29. Rd1 e5 30. Rxa7 Ne2+ 31. Kh2 Nc3 32. Rdd7 Rxf2 33. Bc6 e4 34. Re7
Rb8 35. Be8 Rbb2 36. Bxf7+ Kg7 37. Bc4+ Kh6 38. Kg3 Rxg2+ 39. Kf4 Rbf2+ 40. Ke5
Kg5 41. Kd4 Rg3 42. Ra6 Rd2+ 43. Kc5 e3 44. a4 e2 45. a5 Rd7 46. Rae6 Rxe7 47.
Rxe7 Rxh3 48. a6 Rh1 49. a7 Ra1 50. Kb6 h4 51. Rxe2 Rxa7 52. Rg2+ Kf4 53. Kxa7
g5 54. Be6 Ne4 55. Rg4+ Kf3 56. Rg1 Kf2 57. Ra1 Nd2 58. Kb6 Nf3 59. Kc5 Kg3 60.
Kd5 h3 61. Ke4 h2 62. Ke3 Kg2 63. Ra2+ Kg3 64. Ra1 Kg2 65. Bh3+ Kxh3 66. Kxf3
g4+ 67. Kf2 g3+ 68. Kf3 g2 69. Ra8 g1=N+ 70. Kf2 Nf3 71. Rh8+ Nh4 72. Rxh4+ Kxh4
73. Kg2 Kg4 74. Kxh2 1/2-1/2

[Event "6th Sharjah Masters 2023"]
[Site "Sharjah UAE"]
[Date "2023.05.23"]
[Round "7.30"]
[White "Yoo, Christopher Woojin"]
[Black "Jumabayev, Rinat"]
[Result "1/2-1/2"]
[WhiteTitle "GM"]
[BlackTitle "GM"]
[WhiteElo "2607"]
[BlackElo "2590"]
[WhiteFideId "30909694"]
[BlackFideId "13702661"]
[EventDate "2023.05.17"]
[EventType "swiss"]

1. e4 e5 2. Nf3 Nc6 3. Bb5 a6 4. Ba4 g6 5. c3 d6 6. d4 Bd7 7. O-O Bg7 8. d5 Nce7
9. Bxd7+ Qxd7 10. c4 h6 11. Ne1 f5 12. f3 Nf6 13. Nc3 f4 14. Nd3 g5 15. c5 h5
16. Na4 b6 17. b4 O-O 18. Kh1 Rab8 19. Ba3 g4 20. b5 bxc5 21. bxa6 Ng6 22. Naxc5
dxc5 23. Nxc5 Qb5 24. Qd2 Rb6 25. Ne6 Rc8 26. a7 Rb7 27. Bc5 Nf8 28. Qc2 Nxe6
29. dxe6 Qc6 30. Rfc1 Qxe6 31. Rab1 Rxb1 32. Qxb1 Kh7 33. Bg1 Qa6 34. Qb3 c5 35.
Rxc5 Rd8 36. Rc7 gxf3 37. Qxf3 Qxa2 38. Qh3 Rd1 39. Qf5+ Kh6 40. h4 Rxg1+ 41.
Kxg1 Qa1+ 42. Kf2 Ng4+ 43. Ke2 Qa2+ 44. Kd3 Qb3+ 45. Kd2 Qb2+ 46. Kd3 Qd4+ 47.
Ke2 Qf2+ 48. Kd3 Qg3+ 49. Kd2 Qf2+ 50. Kc3 Qd4+ 51. Kb3 Qb6+ 52. Ka2 Qa5+ 53.
Kb3 Qb6+ 54. Ka2 Qa5+ 1/2-1/2

[Event "6th Sharjah Masters 2023"]
[Site "Sharjah UAE"]
[Date "2023.05.23"]
[Round "7.31"]
[White "Yuffa, Daniil"]
[Black "Vescovi, Giovanni"]
[Result "1-0"]
[WhiteTitle "GM"]
[BlackTitle "GM"]
[WhiteElo "2592"]
[BlackElo "2606"]
[WhiteFideId "24131423"]
[BlackFideId "2100789"]
[EventDate "2023.05.17"]
[EventType "swiss"]

1. Nf3 Nf6 2. g3 d5 3. Bg2 c6 4. O-O Bf5 5. c4 e6 6. d3 Be7 7. cxd5 exd5 8. Qb3
Qb6 9. Qc2 O-O 10. Nc3 Nbd7 11. e4 Bg6 12. Nh4 dxe4 13. dxe4 Rad8 14. Be3 Qa5
15. h3 Nb6 16. Rad1 Nfd7 17. Nxg6 hxg6 18. Kh2 Nc4 19. Bc1 Nc5 20. f4 Ne6 21. e5
Bb4 22. h4 Bxc3 23. Qxc3 Qxc3 24. bxc3 Nc7 25. a4 Nd5 26. Rd4 Nde3 27. Bxe3 Nxe3
28. Rb1 c5 29. Rxd8 Rxd8 30. Bxb7 Rd2+ 31. Kh3 Nd1 32. Rb5 Nxc3 33. Rxc5 Nxa4
34. Rc8+ Kh7 35. Rf8 a5 36. Rxf7 Nc3 37. e6 Re2 38. e7 1-0

[Event "6th Sharjah Masters 2023"]
[Site "Sharjah UAE"]
[Date "2023.05.23"]
[Round "7.32"]
[White "Adhiban, Baskaran"]
[Black "Mastrovasilis, Dimitrios"]
[Result "1-0"]
[WhiteTitle "GM"]
[BlackTitle "GM"]
[WhiteElo "2589"]
[BlackElo "2603"]
[WhiteFideId "5018471"]
[BlackFideId "4202694"]
[EventDate "2023.05.17"]
[EventType "swiss"]

1. d4 d5 2. c4 e6 3. g3 Nf6 4. Bg2 Be7 5. Nf3 O-O 6. O-O c6 7. Nc3 Nbd7 8. Bf4
Nh5 9. Bc1 Nhf6 10. Bf4 Nh5 11. e3 Nxf4 12. gxf4 b6 13. cxd5 cxd5 14. Rc1 Bb7
15. Kh1 Rc8 16. Rg1 b5 17. Nxb5 Qa5 18. Nc3 Bb4 19. Qa4 Bxc3 20. Qxd7 Bxb2 21.
Rb1 Rc7 22. Qd6 Rc2 23. Bh3 g6 24. Bxe6 Qb6 25. Qxb6 axb6 26. Bd7 Ra8 27. a4 Bc8
28. Bxc8 Raxc8 29. Kg2 R8c6 30. Rgd1 Ba3 31. Ne5 R6c3 32. Rd3 Rxd3 33. Nxd3 Rd2
34. Ne5 Be7 35. Nf3 Ra2 36. Rxb6 Rxa4 37. Rb5 1-0

[Event "6th Sharjah Masters 2023"]
[Site "Sharjah UAE"]
[Date "2023.05.23"]
[Round "7.33"]
[White "Sadhwani, Raunak"]
[Black "Erdos, Viktor"]
[Result "0-1"]
[WhiteTitle "GM"]
[BlackTitle "GM"]
[WhiteElo "2627"]
[BlackElo "2565"]
[WhiteFideId "35093487"]
[BlackFideId "719978"]
[EventDate "2023.05.17"]
[EventType "swiss"]

1. d4 Nf6 2. c4 g6 3. f3 Nc6 4. Nc3 d5 5. cxd5 Nxd5 6. e4 Nxc3 7. bxc3 e5 8. d5
Na5 9. h4 Bd7 10. Be3 Ba3 11. h5 g5 12. Qd2 h6 13. Rb1 Qe7 14. Nh3 Bc5 15. Nf2
O-O 16. Bxc5 Qxc5 17. c4 b6 18. Nd3 Qd4 19. Rc1 c5 20. Qf2 Qxf2+ 21. Kxf2 Rae8
22. Ke3 Nb7 23. Nf2 Nd6 24. Bd3 f6 25. a4 a5 26. Rb1 Rb8 27. Ra1 Kg7 28. Kd2 Kf7
29. Nd1 g4 30. Ne3 Rg8 31. Ke2 Ke7 32. Kf2 Rg5 33. Rh4 gxf3 34. gxf3 Rbg8 35.
Rb1 Rb8 36. Bc2 Kf7 37. Rbh1 Rbg8 38. f4 exf4 39. Rxf4 Ke7 40. Bd1 Re5 41. Bf3
Reg5 42. Rb1 Rb8 43. Bg4 Bxa4 44. Be6 Rxh5 45. Ng4 Bc2 46. Rc1 Nxe4+ 47. Ke2 Bb1
48. Rf3 f5 49. Ne5 Rh2+ 50. Ke3 Kd6 51. Nf7+ Ke7 52. Rxb1 Nd2 53. Rbf1 Nxc4+ 54.
Kd3 Nb2+ 55. Ke3 Nc4+ 56. Kf4 Rg8 57. Re1 Kf6 58. Rff1 Rg4+ 59. Kf3 Nd2+ 60. Ke3
Rg3+ 61. Kf4 Rg4+ 62. Ke3 Rg3+ 63. Kf4 Nxf1 64. Rxf1 Rd3 65. Bxf5 Rxd5 66. Bg4
Rhd2 67. Nxh6 R2d4+ 68. Kg3+ Kg5 69. Nf7+ Kg6 70. Be6 c4 71. Rh1 Rc5 72. Re1 c3
73. Ne5+ Kg7 74. Nd7 Rc7 0-1

[Event "6th Sharjah Masters 2023"]
[Site "Sharjah UAE"]
[Date "2023.05.23"]
[Round "7.34"]
[White "Kobalia, Mikhail"]
[Black "Peralta, Fernando"]
[Result "1/2-1/2"]
[WhiteTitle "GM"]
[BlackTitle "GM"]
[WhiteElo "2578"]
[BlackElo "2596"]
[WhiteFideId "4119150"]
[BlackFideId "105309"]
[EventDate "2023.05.17"]
[EventType "swiss"]

1. e4 e5 2. Nf3 Nf6 3. Nxe5 d6 4. Nf3 Nxe4 5. d4 d5 6. Bd3 Bd6 7. O-O O-O 8. c4
c6 9. Re1 Bf5 10. Qb3 Qd7 11. c5 Bc7 12. Nbd2 Re8 13. Nh4 Be6 14. Qc2 Na6 15. a3
Bg4 16. Nxe4 dxe4 17. Rxe4 Rxe4 18. Bxe4 Qxd4 19. Be3 Qf6 20. Nf3 Bxf3 21. Bxf3
Rd8 22. Be2 Bf4 23. Bxf4 Qxf4 24. Rd1 Rxd1+ 25. Qxd1 g6 26. g3 Qe5 27. b4 Nc7
28. Bc4 Nd5 29. Qd3 a6 30. Kg2 Kg7 31. Bb3 Nf6 32. Bd1 h5 33. Bf3 Nd5 34. Bxd5
cxd5 35. a4 Qb2 36. b5 axb5 37. axb5 Qb4 38. Qxd5 Qxb5 39. Kf3 Qb4 40. Qe5+ Kg8
41. h4 Qc4 42. Ke3 Qc1+ 43. Ke4 Qc4+ 44. Ke3 Qc1+ 45. Ke4 Qc4+ 46. Qd4 Qe6+ 47.
Kf4 Qf5+ 48. Ke3 Qb1 49. Qc3 Qf5 50. Qd4 Qb1 51. Qd8+ Kg7 52. Qd6 Qe1+ 53. Kf3
Qb4 54. Qe5+ Kg8 55. Qd5 Qc3+ 56. Ke4 Qc2+ 57. Ke3 Qc3+ 58. Ke4 Qc2+ 1/2-1/2

[Event "6th Sharjah Masters 2023"]
[Site "Sharjah UAE"]
[Date "2023.05.23"]
[Round "7.35"]
[White "Mishra, Abhimanyu"]
[Black "Bernadskiy, Vitaliy"]
[Result "1-0"]
[WhiteTitle "GM"]
[BlackTitle "GM"]
[WhiteElo "2550"]
[BlackElo "2592"]
[WhiteFideId "30920019"]
[BlackFideId "14100371"]
[EventDate "2023.05.17"]
[EventType "swiss"]

1. d4 g6 2. e4 Bg7 3. Nc3 a6 4. Be3 b5 5. Qd2 d6 6. O-O-O Nd7 7. h4 h5 8. Nh3
Nb6 9. Bd3 Nf6 10. f3 Bxh3 11. Rxh3 Nfd7 12. Ne2 c5 13. c3 Rb8 14. Kb1 Qc8 15.
f4 Nc4 16. Bxc4 bxc4 17. e5 Nb6 18. Qc2 O-O 19. dxc5 dxc5 20. Qe4 f5 21. exf6
Rxf6 22. Rg3 Qe6 23. Qxe6+ Rxe6 24. Kc2 Re4 25. Rf3 e5 26. Rd2 Na4 27. b3 cxb3+
28. axb3 exf4 29. Bxf4 Rbe8 30. Ng3 Rxf4 31. Rxf4 Nxc3 32. Rd7 Nb5 33. Re4 Rb8
34. Ne2 1-0

[Event "6th Sharjah Masters 2023"]
[Site "Sharjah UAE"]
[Date "2023.05.23"]
[Round "7.36"]
[White "Dragnev, Valentin"]
[Black "Petkov, Momchil"]
[Result "1/2-1/2"]
[WhiteTitle "GM"]
[BlackTitle "GM"]
[WhiteElo "2593"]
[BlackElo "2522"]
[WhiteFideId "1634852"]
[BlackFideId "2921642"]
[EventDate "2023.05.17"]
[EventType "swiss"]

1. d4 Nf6 2. Nf3 d5 3. c4 e6 4. e3 b6 5. b3 Bd6 6. Bd3 O-O 7. O-O Bb7 8. cxd5
exd5 9. Ba3 Bxa3 10. Nxa3 Qe7 11. Nb5 a6 12. Nc3 Nbd7 13. Rc1 c5 14. Qe2 Rfc8
15. Rfd1 g6 16. h3 Rc7 17. dxc5 bxc5 18. Na4 Bc6 19. Nb2 Rb7 1/2-1/2

[Event "6th Sharjah Masters 2023"]
[Site "Sharjah UAE"]
[Date "2023.05.23"]
[Round "7.37"]
[White "Acs, Peter"]
[Black "Socko, Bartosz"]
[Result "1-0"]
[WhiteTitle "GM"]
[BlackTitle "GM"]
[WhiteElo "2561"]
[BlackElo "2591"]
[WhiteFideId "708020"]
[BlackFideId "1107038"]
[EventDate "2023.05.17"]
[EventType "swiss"]

1. e4 c6 2. d4 d5 3. e5 Bf5 4. h4 h5 5. c4 e6 6. Nc3 dxc4 7. Bxc4 Nd7 8. Nf3 Bg4
9. Be2 Nh6 10. Bxh6 Rxh6 11. Ng5 Qb6 12. Qd2 Bxe2 13. Nxe2 Qb4 14. Nc3 Rd8 15.
Qe3 Nb6 16. Rd1 Qxb2 17. O-O Rd7 18. Rb1 Qa3 19. Qf3 Nd5 20. Rb3 Qa5 21. Rfb1 b6
22. Rc1 Rc7 23. Nb5 Rd7 24. Rxc6 Qa6 25. Rbc3 f5 26. Nc7+ Rxc7 27. Rxc7 Bc5 28.
dxc5 Nxc7 29. Qc6+ Kd8 30. Qd6+ 1-0

[Event "6th Sharjah Masters 2023"]
[Site "Sharjah UAE"]
[Date "2023.05.23"]
[Round "7.38"]
[White "Can, Emre"]
[Black "Vasquez Schroeder, Rodrigo"]
[Result "1-0"]
[WhiteTitle "GM"]
[BlackTitle "GM"]
[WhiteElo "2575"]
[BlackElo "2524"]
[WhiteFideId "6302181"]
[BlackFideId "3400042"]
[EventDate "2023.05.17"]
[EventType "swiss"]

1. e4 c5 2. Nf3 d6 3. d4 cxd4 4. Nxd4 Nf6 5. Nc3 a6 6. g3 e5 7. Nb3 Be7 8. Bg5
Nbd7 9. a4 b6 10. Bc4 Bb7 11. Qd3 O-O 12. O-O Qc7 13. Rfd1 Rfc8 14. Bxf6 Nxf6
15. Nd2 Qc5 16. Bb3 b5 17. axb5 axb5 18. Rxa8 Rxa8 19. Nxb5 Ba6 20. Ra1 Bd8 21.
Qc4 1-0

[Event "6th Sharjah Masters 2023"]
[Site "Sharjah UAE"]
[Date "2023.05.23"]
[Round "7.39"]
[White "Iskandarov, Misratdin"]
[Black "Van Foreest, Lucas"]
[Result "1/2-1/2"]
[WhiteTitle "GM"]
[BlackTitle "GM"]
[WhiteElo "2577"]
[BlackElo "2556"]
[WhiteFideId "13400312"]
[BlackFideId "1039792"]
[EventDate "2023.05.17"]
[EventType "swiss"]

1. e4 e5 2. Nf3 Nc6 3. Bc4 Nf6 4. d3 Bc5 5. c3 d6 6. O-O O-O 7. h3 a5 8. Re1 Be6
9. Bb5 Ba7 10. d4 exd4 11. cxd4 d5 12. e5 Ne4 13. Nc3 f5 14. exf6 Qxf6 15. Be3
Nxc3 16. bxc3 Bxh3 17. Qb3 Qd6 18. Ne5 Be6 19. Nd3 Rae8 20. Bc1 Qd8 21. Bf4 Nxd4
22. cxd4 c6 23. Be5 cxb5 24. Qxb5 Rf7 25. Rac1 Ref8 26. Bg3 Bd7 27. Qb2 Bb8 28.
Bxb8 Qxb8 29. Re2 Bc6 30. Rce1 Qd8 31. Re3 Qg5 32. Rg3 Qh4 33. Rh3 Qg5 34. Re5
Qg4 35. Rg3 Qd1+ 36. Re1 Qh5 37. f3 Qf5 38. Qd2 Bb5 39. Ne5 Qf4 40. Qf2 Re7 41.
Rg4 Qf6 42. Qd2 Bd7 43. Nxd7 Rxd7 44. Re5 b6 45. Qe2 Qc6 46. Re6 Qc1+ 47. Kh2 h5
48. Rh4 Qg5 49. Qe1 Rdf7 50. Rxb6 Rf4 51. Rxf4 Qxf4+ 52. Qg3 Qxd4 53. Rd6 Rf4
54. Qg5 Rf8 55. Rxd5 Qf4+ 56. Qxf4 Rxf4 57. Rxa5 Rc4 58. Kg3 Kf7 59. f4 g6 60.
Ra8 Rc3+ 61. Kh4 Kf6 62. a4 Rc4 63. g3 Rc1 64. Rf8+ Kg7 65. Ra8 Kf6 66. Kh3 Ra1
67. Ra6+ Kf5 68. Ra8 Kf6 69. a5 Ra3 70. Ra6+ Kf5 71. Ra8 Kf6 72. Kg2 Ra2+ 73.
Kf3 Ra3+ 74. Kg2 Ra2+ 75. Kh3 1/2-1/2

[Event "6th Sharjah Masters 2023"]
[Site "Sharjah UAE"]
[Date "2023.05.24"]
[Round "8.1"]
[White "Oparin, Grigoriy"]
[Black "Gukesh, D"]
[Result "1/2-1/2"]
[WhiteTitle "GM"]
[BlackTitle "GM"]
[WhiteElo "2667"]
[BlackElo "2732"]
[WhiteFideId "24125890"]
[BlackFideId "46616543"]
[EventDate "2023.05.17"]
[EventType "swiss"]

1. e4 c5 2. Nf3 Nc6 3. d4 cxd4 4. Nxd4 Nf6 5. Nc3 e5 6. Nde2 Bc5 7. Ng3 d6 8.
Na4 Bb4+ 9. c3 Ba5 10. b4 Bc7 11. Be2 h6 12. O-O O-O 13. b5 Ne7 14. c4 Ng6 15.
Be3 Be6 16. c5 Nf4 17. cxd6 Bxd6 18. Nc5 Bxc5 19. Bxc5 Qxd1 20. Bxd1 Rfd8 21.
Bb3 Rd3 22. Bxe6 Nxe6 23. Be7 Ne8 24. Rfd1 Rxd1+ 25. Rxd1 Nd4 26. f4 f6 27. fxe5
fxe5 28. Nf5 Nxb5 1/2-1/2

[Event "6th Sharjah Masters 2023"]
[Site "Sharjah UAE"]
[Date "2023.05.24"]
[Round "8.2"]
[White "Martirosyan, Haik M."]
[Black "Sevian, Samuel"]
[Result "1/2-1/2"]
[WhiteTitle "GM"]
[BlackTitle "GM"]
[WhiteElo "2675"]
[BlackElo "2684"]
[WhiteFideId "13306553"]
[BlackFideId "2040506"]
[EventDate "2023.05.17"]
[EventType "swiss"]

1. d4 Nf6 2. c4 e6 3. Nf3 d5 4. Nc3 Bb4 5. Bg5 h6 6. Bxf6 Qxf6 7. Qa4+ Nc6 8. e3
O-O 9. Be2 dxc4 10. O-O Bd7 11. Bxc4 Bxc3 12. bxc3 Rfd8 13. Be2 Rab8 14. Rad1
Be8 15. Qc2 Ne7 16. Qb2 c5 17. Qa3 cxd4 18. cxd4 a6 19. Rc1 Ng6 20. Rc5 Bc6 21.
Rfc1 Rd5 22. Rxd5 Bxd5 23. Qd6 Qd8 24. Qxd8+ Rxd8 25. a3 Ne7 26. Nd2 1/2-1/2

[Event "6th Sharjah Masters 2023"]
[Site "Sharjah UAE"]
[Date "2023.05.24"]
[Round "8.3"]
[White "Yakubboev, Nodirbek"]
[Black "Tabatabaei, M. Amin"]
[Result "1/2-1/2"]
[WhiteTitle "GM"]
[BlackTitle "GM"]
[WhiteElo "2630"]
[BlackElo "2677"]
[WhiteFideId "14203987"]
[BlackFideId "12521213"]
[EventDate "2023.05.17"]
[EventType "swiss"]

1. c4 e6 2. Nf3 d5 3. e3 Nf6 4. Nc3 Bd6 5. d4 b6 6. Bd3 Bb7 7. O-O O-O 8. b3
Nbd7 9. cxd5 exd5 10. Nb5 Be7 11. Ba3 c5 12. Rc1 Re8 13. Rc2 Bf8 14. Bb2 Ne4 15.
Nc3 a6 16. Ne2 Rc8 17. Ng3 b5 18. dxc5 Ndxc5 19. Be2 b4 20. Nd4 g6 21. Qa1 h5
22. Rfc1 h4 23. Nf1 h3 24. g3 Qf6 25. Bg4 Nd3 26. Bxc8 Rxc8 27. f3 Nxc1 28. Qxc1
Nc5 29. Qd1 a5 30. g4 Qa6 31. Ne2 Ne6 32. Rxc8 Bxc8 33. Nfg3 Bh6 34. Kf2 Bb7 35.
Bd4 a4 36. bxa4 Bc6 37. f4 Bxa4 38. Qd2 Qc4 39. f5 Nxd4 40. Nxd4 Qc3 41. Nf1 Bg7
42. fxg6 fxg6 43. Ne6 Qf6+ 44. Nf4 Bc6 45. g5 Qxg5 46. Qxb4 Qf5 47. Ng3 Qc2+ 48.
Nfe2 d4 49. exd4 Qxa2 50. Qb8+ Kh7 51. Qf4 Qe6 52. Qh4+ Bh6 53. Nf1 Bg2 54. Nfg3
Qe3+ 55. Ke1 Qd2+ 56. Kf2 Qe3+ 57. Ke1 Kg7 58. Nf1 Qa3 59. Neg3 Qc1+ 60. Ke2
Qc2+ 61. Ke1 Qc3+ 62. Ke2 Qc2+ 63. Ke1 Qc1+ 64. Ke2 Bg5 65. Qg4 Qc2+ 66. Ke1 Kh6
67. Qd1 Qc7 68. Qd3 Bf4 69. Kf2 Qf7 70. Ke1 Bg5 71. Nd2 Qf4 72. Ke2 Bh4 73. Ndf1
Bf6 74. Qe3 g5 75. Qe6 Bf3+ 76. Ke1 Bg4 77. Qc6 Kg7 78. Ne4 Bxd4 79. Qb7+ Kg6
80. Qc6+ Kg7 81. Qb7+ Kg6 82. Qc6+ Kh7 83. Nxg5+ Kg7 84. Ne4 Bf5 85. Qb7+ Kh6
86. Qc6+ Bg6 87. Neg3 Qf2+ 88. Kd1 Be5 89. Ne3 Qg1+ 90. Ngf1 Bf4 91. Qe6 Bxe3
92. Qxe3+ 1/2-1/2

[Event "6th Sharjah Masters 2023"]
[Site "Sharjah UAE"]
[Date "2023.05.24"]
[Round "8.4"]
[White "Korobov, Anton"]
[Black "Yu, Yangyi"]
[Result "0-1"]
[WhiteTitle "GM"]
[BlackTitle "GM"]
[WhiteElo "2664"]
[BlackElo "2729"]
[WhiteFideId "14105730"]
[BlackFideId "8603820"]
[EventDate "2023.05.17"]
[EventType "swiss"]

1. Nf3 d5 2. e3 Nf6 3. b3 c6 4. Bb2 Bf5 5. Be2 e6 6. Nh4 Bg6 7. d3 Bd6 8. Nd2
Nbd7 9. g3 Qe7 10. a3 Be5 11. c3 a6 12. O-O O-O 13. b4 Rfe8 14. Nxg6 hxg6 15.
Qc2 Rac8 16. Rac1 Bb8 17. c4 Be5 18. d4 Bb8 19. f4 Nh7 20. Nf3 b5 21. c5 f5 22.
Ne5 Nhf8 23. a4 Nf6 24. Ra1 Bxe5 25. dxe5 Ne4 26. Bd3 g5 27. Qg2 Ng6 28. Bd4 g4
29. axb5 axb5 30. Ra6 Kf7 31. Rfa1 Rc7 32. Rb6 Rh8 33. Raa6 Qd7 34. Qa2 Ne7 35.
Ra3 Kg6 36. Rba6 Kf7 37. Qe2 Rb7 38. Ra1 Qc7 39. Kf1 Qd7 40. Ke1 Qc7 41. Kd1 Qd7
42. Kc2 Qc7 43. Kb3 Qd7 44. R6a5 Qc7 45. Ra6 Qd7 46. R1a5 Qc7 47. Kc2 Qd7 48.
Kd1 Qc7 49. Ke1 Qd7 50. Qa2 Rhb8 51. Kf1 Rh8 52. Kg2 Rhb8 53. Ra7 Nc8 54. R7a6
Ne7 55. Rb6 Nc8 56. Raa6 Nxb6 57. cxb6 Qe7 58. Bxe4 dxe4 59. Bc5 Qd7 60. Bd4 Qe7
61. Bc5 Qd8 62. Bd4 Qd7 63. Ra7 Rxa7 64. bxa7 Ra8 65. Kf2 Qd5 66. Qa6 Kg6 67.
Ke1 Qc4 68. Qb7 Qxb4+ 69. Ke2 Qc4+ 70. Kd2 Qa2+ 71. Kc3 Qa3+ 0-1

[Event "6th Sharjah Masters 2023"]
[Site "Sharjah UAE"]
[Date "2023.05.24"]
[Round "8.5"]
[White "Sjugirov, Sanan"]
[Black "Nihal, Sarin"]
[Result "1/2-1/2"]
[WhiteTitle "GM"]
[BlackTitle "GM"]
[WhiteElo "2712"]
[BlackElo "2673"]
[WhiteFideId "4189302"]
[BlackFideId "25092340"]
[EventDate "2023.05.17"]
[EventType "swiss"]

1. e4 c5 2. Nf3 d6 3. d4 cxd4 4. Nxd4 Nf6 5. Nc3 a6 6. Be3 e5 7. Nb3 Be7 8. f3
Be6 9. Qd2 O-O 10. O-O-O Nbd7 11. g4 b5 12. a3 Rc8 13. Kb1 Nb6 14. g5 Nh5 15.
Na5 Qc7 16. Nd5 Nxd5 17. exd5 Bxd5 18. Qxd5 Qxa5 19. Bd3 g6 20. h4 Qc7 21. c4
bxc4 22. Rc1 Qb8 23. Rxc4 Qb3 24. Rc5 Rb8 25. Qxb3 Rxb3 26. Rc3 Rxc3 27. bxc3 d5
28. Kc2 Bxa3 29. Ra1 Be7 30. Ra5 d4 31. cxd4 exd4 32. Bxd4 Rc8+ 33. Kb3 Rd8 34.
Kc4 Nf4 35. Be4 Rc8+ 36. Kb3 Ne6 37. Ba7 Bc5 38. Rxa6 Bxa7 39. Rxa7 Nc5+ 40. Kb2
Nxe4 41. fxe4 Rc4 42. Re7 Kf8 43. Re5 Ra4 44. Kc3 Ra3+ 45. Kd2 Rh3 46. Ra5 Rxh4
47. Ke3 Kg7 48. Kf3 Rh1 49. Ra7 Rf1+ 50. Kg4 Re1 51. Kf4 h5 52. gxh6+ Kxh6 53.
Kf3 f6 54. Ra5 Rf1+ 55. Kg3 g5 56. Ra7 Kg6 57. Re7 Ra1 58. Rb7 Ra3+ 59. Kf2 g4
60. Rb5 Rf3+ 61. Ke2 Rh3 62. Kf2 Ra3 63. Rc5 Rf3+ 64. Ke2 Rh3 65. Kf2 Rh5 66.
Rc8 Kg5 67. Rc5+ Kh4 68. Rc6 f5 69. exf5 Rxf5+ 1/2-1/2